000 00275nam a22001217a 4500
082 _a823
_bPOT/L
100 _aPOTTER, BEATRIX
245 _aTHE TALE OF PETER RABBIT
260 _aNEW YORK
_bGOLDEN
_c1993
300 _a20
650 _aENGLISH STORY
_zUNITED STATES
942 _cBK
999 _c7429
_d7429